<?xml version="1.0" encoding="UTF-8"?>
<record
    xmlns:xsi="http://www.w3.org/2001/XMLSchema-instance"
    xsi:schemaLocation="http://www.loc.gov/MARC21/slim http://www.loc.gov/standards/marcxml/schema/MARC21slim.xsd"
    xmlns="http://www.loc.gov/MARC21/slim">

  <leader>02325nam a2200349 a 4500</leader>
  <controlfield tag="001">BRCA_3170</controlfield>
  <controlfield tag="005">20190320204138.0</controlfield>
  <controlfield tag="008">120209s1746----ne-a---###---#000-0ddut-u</controlfield>
  <datafield tag="041" ind1=" " ind2=" ">
    <subfield code="a">dut</subfield>
  </datafield>
  <datafield tag="044" ind1=" " ind2=" ">
    <subfield code="a">ne</subfield>
  </datafield>
  <datafield tag="084" ind1=" " ind2=" ">
    <subfield code="a">473</subfield>
    <subfield code="b">.H67</subfield>
    <subfield code="c">1746</subfield>
  </datafield>
  <datafield tag="100" ind1="1" ind2=" ">
    <subfield code="a">Cervantes Saavedra, Miguel de</subfield>
    <subfield code="d">1547-1616</subfield>
    <subfield code="9">213</subfield>
  </datafield>
  <datafield tag="245" ind1="1" ind2="0">
    <subfield code="a">De Voornaamste Gewallen van den Wonderlyken Don Quichot</subfield>
    <subfield code="c">M. de Cervantes Saavedra.</subfield>
  </datafield>
  <datafield tag="260" ind1=" " ind2=" ">
    <subfield code="a">Hage (Alemania)</subfield>
    <subfield code="b">Pieter de Hondt</subfield>
    <subfield code="c">1746</subfield>
  </datafield>
  <datafield tag="300" ind1=" " ind2=" ">
    <subfield code="a">1 v. (en varias paginaciones)</subfield>
    <subfield code="b">il.</subfield>
    <subfield code="c">29 cm.</subfield>
  </datafield>
  <datafield tag="500" ind1=" " ind2=" ">
    <subfield code="a">Contenido : Primera parte. Vida de Cervantes resumen de la escrita por May&#xE1;ns, por J. Campo Wyerman. Composici&#xF3;n pol&#xED;tica. L&#xE1;minas con el texto explicativo de las mismas. Texto. Segunda parte. Texto</subfield>
  </datafield>
  <datafield tag="500" ind1=" " ind2=" ">
    <subfield code="a">Edici&#xF3;n : Door den Beroemden Picart dem Romein en Andere Voornaame Meesters in XXXI Kunstplaate, na de Uitmuntende Schilderyen van Coypel, in&#xB4;t Koper Gebragt. Beschreeven op Een&#xB4;vryen en Vrolyken Trant, Door Jacob Campo Wyerman. En Door den Zelfden met Gedichten ter Verklaaring van Iendere Kunftprint en het Leeven van M. de Cervantes Saavedra</subfield>
  </datafield>
  <datafield tag="500" ind1=" " ind2=" ">
    <subfield code="a">Son las prncipales aventuras del admirable Don Quijote, pintadas por el renombradon Picart el Romano y otros principales maestros, en 31 estampas..., conforme el texto de Jacobo Campo Weyerman, y los argumentos en verso, con la explicaci&#xF3;n de cada l&#xE1;mina, y a&#xF1;adida la vida de Cervantes. Las leyendas que explican las l&#xE1;minas est&#xE1;n redactadas en franc&#xE9;s. Las 31 l&#xE1;minas componen la misma colecci&#xF3;n publicada en 1746 con el texto franc&#xE9;s. Hermosa edici&#xF3;n, espl&#xE9;ndidamente impresa con buenos tipos. Pergamino L&#xFA;dovik Osterc</subfield>
  </datafield>
  <datafield tag="500" ind1=" " ind2=" ">
    <subfield code="a">QMB94</subfield>
  </datafield>
  <datafield tag="546" ind1=" " ind2=" ">
    <subfield code="a">Texto en : holand&#xE9;s</subfield>
  </datafield>
  <datafield tag="650" ind1="1" ind2="4">
    <subfield code="a">Novela espa&#xF1;ola</subfield>
    <subfield code="y">&#xC9;poca cl&#xE1;sica, 1500-1700</subfield>
    <subfield code="9">215</subfield>
  </datafield>
  <datafield tag="650" ind1="1" ind2="4">
    <subfield code="a">Literatura espa&#xF1;ola</subfield>
    <subfield code="y">&#xC9;poca cl&#xE1;sica, 1500-1700</subfield>
    <subfield code="9">216</subfield>
  </datafield>
  <datafield tag="650" ind1="1" ind2="4">
    <subfield code="a">Novela espa&#xF1;ola</subfield>
    <subfield code="y">Siglo XVII</subfield>
    <subfield code="9">217</subfield>
  </datafield>
  <datafield tag="650" ind1="1" ind2="4">
    <subfield code="a">Don Quijote (Personaje ficticio)</subfield>
    <subfield code="e">Novela</subfield>
    <subfield code="9">218</subfield>
  </datafield>
  <datafield tag="700" ind1="1" ind2=" ">
    <subfield code="a">Picart Le Romain, Bernard</subfield>
    <subfield code="d">1673-1733</subfield>
    <subfield code="e">Ilustrador</subfield>
    <subfield code="9">8533</subfield>
  </datafield>
  <datafield tag="700" ind1="1" ind2=" ">
    <subfield code="a">Coypel, Charles-Antone</subfield>
    <subfield code="d">1694-1752</subfield>
    <subfield code="e">Ilustrador</subfield>
    <subfield code="9">8534</subfield>
  </datafield>
  <datafield tag="700" ind1="1" ind2=" ">
    <subfield code="a">Mayans I. Siscar, Gregorio</subfield>
    <subfield code="d">1699-1781</subfield>
    <subfield code="e">Bi&#xF3;grafo</subfield>
    <subfield code="9">8535</subfield>
  </datafield>
  <datafield tag="700" ind1="1" ind2=" ">
    <subfield code="a">Campo Weyerman, Jacobo</subfield>
    <subfield code="d">1677-1747</subfield>
    <subfield code="e">Traductor</subfield>
    <subfield code="9">8536</subfield>
  </datafield>
  <datafield tag="740" ind1="0" ind2=" ">
    <subfield code="a">El Ingenioso Hidalgo Don Quijote de la Mancha</subfield>
  </datafield>
  <datafield tag="902" ind1=" " ind2=" ">
    <subfield code="a">QFM</subfield>
  </datafield>
  <datafield tag="942" ind1=" " ind2=" ">
    <subfield code="2">lcc</subfield>
    <subfield code="c">B</subfield>
  </datafield>
  <datafield tag="999" ind1=" " ind2=" ">
    <subfield code="c">2906</subfield>
    <subfield code="d">2906</subfield>
  </datafield>
  <datafield tag="952" ind1=" " ind2=" ">
    <subfield code="0">0</subfield>
    <subfield code="1">0</subfield>
    <subfield code="4">0</subfield>
    <subfield code="7">0</subfield>
    <subfield code="a">BRCA</subfield>
    <subfield code="b">BRCA</subfield>
    <subfield code="d">2009-02-12</subfield>
    <subfield code="i">QMB94</subfield>
    <subfield code="l">0</subfield>
    <subfield code="o">473 .H67 1746 (QMB94)</subfield>
    <subfield code="p">3167</subfield>
    <subfield code="r">2019-03-22 00:00:00</subfield>
    <subfield code="w">2019-03-22</subfield>
    <subfield code="y">B</subfield>
  </datafield>
</record>
